00414nam a2200145Ia 4500008004100000020001800041041000800059082001800067100002400085245006600109250000600175260006200181300001600243650000900259210716s2007 xx 000 0 und d a9788184042955 aeng a005.3002 MACM aMacdonald, Matthew. aExcel 2007 for starters: the missing manual.bMissing manual. a1 aMumbaibShroff Publishers and Distributors Pvt Ltdc2007 axiii,332,15 aNone